Teaching guide for senior high school general physics 2 : (Record no. 354949)
[ view plain ]
| 000 -LEADER | |
|---|---|
| fixed length control field | 00346nam a2200097Ia 4500 |
| 008 - FIXED-LENGTH DATA ELEMENTS--GENERAL INFORMATION | |
| fixed length control field | 180205s9999 xx 000 0 und d |
| 100 ## - MAIN ENTRY--PERSONAL NAME | |
| Personal name | Maquiling, Joel T. |
| 245 ## - TITLE STATEMENT | |
| Title | Teaching guide for senior high school general physics 2 : |
| Remainder of title | specialized subject/ academic-stem |
| 260 ## - PUBLICATION, DISTRIBUTION, ETC. (IMPRINT) | |
| Place of publication, distribution, etc | Quezon City |
| Name of publisher, distributor, etc | Commision on higher education |
| Date of publication, distribution, etc | 2016 |
| 300 ## - PHYSICAL DESCRIPTION | |
| Extent | 274 pages |
| Withdrawn status | Lost status | Damaged status | Home library | Current library | Shelving location | Date acquired | Source of acquisition | Total Checkouts | Total Renewals | Full call number | Barcode | Date last seen | Date checked out | Price effective from | Koha item type |
|---|---|---|---|---|---|---|---|---|---|---|---|---|---|---|---|
| College Library | College Library | Filipiniana Section | 02/05/2018 | Library Fund | 1 | 14 | QC 21.2 .M297 2016 | c21176 | 05/20/2019 | 01/30/2019 | 02/05/2018 | Books |